[Event "Aragon-chT Preferente Gr I"]
[Site "Aragon"]
[Date "2023.02.11"]
[Round "3.33"]
[White "Chueca Lorente, Javier"]
[Black "Martinez Cebolla, Alberto"]
[Result "1-0"]
[WhiteElo "2149"]
[BlackElo "2076"]
[PlyCount "61"]
[EventDate "2023.01.28"]
[EventType "team-tourn"]
[EventRounds "9"]
[EventCountry "ESP"]
[SourceTitle "EXT 2024"]
[Source "ChessBase"]
[SourceDate "2023.10.10"]
[SourceVersion "1"]
[SourceVersionDate "2023.10.10"]
[SourceQuality "1"]
[WhiteTeam "Casablanca MyInvestor II"]
[BlackTeam "Iberajedrez Mundo 64 II"]
[WhiteTeamCountry "ESP"]
[BlackTeamCountry "ESP"]

1. c4 e5 2. g3 Nf6 3. Bg2 d5 4. cxd5 Nxd5 5. Nc3 Nb6 6. Nf3 Nc6 7. 0-0 Be7 8. a3 0-0 9. b4 a6 10. d3 f5 11. Bb2 Be6 12. Rc1 Bf6 13. Nd2 Rb8 14. Nb3 e4 15. Nc5 Bd5 16. dxe4 Bxe4 17. N5xe4 fxe4 18. Bxe4 Ne5 19. Qc2 g6 20. Rfd1 Qe7 21. Nd5 Nxd5 22. Bxd5+ Kh8 23. Qxc7 Qxc7 24. Rxc7 Rfd8 25. Ba1 Rd6 26. e4 Nf3+ 27. Kg2 Bxa1 28. Rxa1 Nd4 29. Rac1 Nb5 30. Re7 Nxa3 31. Rcc7 1-0

[Event "Aragon-chT Preferente Gr I"]
[Site "Aragon"]
[Date "2022.02.19"]
[Round "4.41"]
[White "Chueca Lorente, Javier"]
[Black "Planas Torrea, Francisco Javier"]
[Result "1-0"]
[WhiteElo "2119"]
[BlackElo "2076"]
[PlyCount "55"]
[EventDate "2022.01.29"]
[EventType "team-tourn"]
[EventRounds "9"]
[EventCountry "ESP"]
[SourceTitle "EXT 2024"]
[Source "ChessBase"]
[SourceDate "2023.10.10"]
[SourceVersion "1"]
[SourceVersionDate "2023.10.10"]
[SourceQuality "1"]
[WhiteTeam "Casablanca MyInvestor II"]
[BlackTeam "Ejea"]
[WhiteTeamCountry "ESP"]
[BlackTeamCountry "ESP"]

1. c4 e5 2. g3 Nf6 3. Bg2 Bc5 4. Nc3 0-0 5. e3 c6 6. Nge2 d5 7. d4 exd4 8. exd4 Bb4 9. cxd5 Nxd5 10. 0-0 Be6 11. a3 Be7 12. Nf4 Nxf4 13. Bxf4 Bc4 14. Re1 Bf6 15. Be3 Nd7 16. Rc1 Nb6 17. Ne4 Bd5 18. b4 Re8 19. Qg4 Bxe4 20. Bxe4 Nd5 21. b5 Nxe3 22. fxe3 Qe7 23. bxc6 Qxe4 24. Qxe4 Rxe4 25. cxb7 Rb8 26. Rc8+ Re8 27. Rxb8 Rxb8 28. Rc1 1-0

[Event "Aragon-chT Preferente"]
[Site "Aragon"]
[Date "2021.04.17"]
[Round "5.35"]
[White "Garcia Morales, Roberto"]
[Black "Chueca Lorente, Javier"]
[Result "0-1"]
[WhiteElo "2016"]
[BlackElo "2098"]
[PlyCount "74"]
[EventDate "2021.03.13"]
[EventType "team-tourn"]
[EventRounds "9"]
[EventCountry "ESP"]
[SourceTitle "EXT 2024"]
[Source "ChessBase"]
[SourceDate "2023.10.10"]
[SourceVersion "1"]
[SourceVersionDate "2023.10.10"]
[SourceQuality "1"]
[WhiteTeam "Agrupacion II"]
[BlackTeam "Casablanca MyInvestor II"]
[WhiteTeamCountry "ESP"]
[BlackTeamCountry "ESP"]

1. e4 c5 2. b4 cxb4 3. d4 d5 4. exd5 Nf6 5. c4 bxc3 6. Nxc3 Nxd5 7. Bd2 Nc6 8. Nf3 g6 9. Qb3 e6 10. Bc4 Nb6 11. Bb5 Bg7 12. Qa3 Qe7 13. Qxe7+ Kxe7 14. d5 Nxd5 15. Nxd5+ exd5 16. Rc1 Bd7 17. 0-0 Rhe8 18. Bxc6 Bxc6 19. Bb4+ Kd7 20. Rfd1 h6 21. Nd4 Re4 22. Bc5 Bxd4 23. Bxd4 Ba4 24. Rd2 Rc8 25. Rb1 Rc2 26. Rd3 Rc4 27. Bxa7 Kc6 28. h3 Bc2 29. Rb6+ Kc7 30. Rxd5 Re1+ 31. Kh2 Bf5 32. Rf6 Be6 33. Rd2 b6 34. Rb2 Rc6 35. Rf3 Kb7 36. Ra3 Bc4 37. Rc3 Kxa7 0-1

[Event "ESP-chT CECLUB Div2"]
[Site "Linares"]
[Date "2019.08.23"]
[Round "7.4"]
[White "Chueca Lorente, Javier"]
[Black "Gonzalez Cano, Juan Jose"]
[Result "1/2-1/2"]
[WhiteElo "2144"]
[BlackElo "2019"]
[PlyCount "77"]
[EventDate "2019.08.19"]
[EventType "team-swiss"]
[EventRounds "7"]
[EventCountry "ESP"]
[SourceTitle "EXT 2020"]
[Source "ChessBase"]
[SourceDate "2019.10.17"]
[SourceVersion "1"]
[SourceVersionDate "2019.10.17"]
[SourceQuality "1"]
[WhiteTeam "Casablanca Stadium"]
[BlackTeam "Casareno iAcere"]
[WhiteTeamCountry "ESP"]
[BlackTeamCountry "ESP"]

1. c4 e5 2. g3 Nf6 3. Bg2 d5 4. cxd5 Nxd5 5. Nc3 Nb6 6. Nf3 Nc6 7. 0-0 Be7 8. a3 a5 9. b3 0-0 10. Bb2 Be6 11. d3 f6 12. Rc1 Qd7 13. Nb5 a4 14. Nd2 Ra5 15. Nc3 Nd4 16. b4 Ra7 17. Nce4 Nb3 18. Nc5 Bxc5 19. bxc5 Nxc1 20. cxb6 Nxe2+ 21. Qxe2 cxb6 22. Qe3 Ra5 23. Ne4 Rc8 24. d4 Rb5 25. Bc3 exd4 26. Bxd4 Rb3 27. Qd2 Rxa3 28. Qb2 Rb3 29. Qa1 Kf7 30. Bxf6 gxf6 31. Qxf6+ Kg8 32. Ng5 Bc4 33. Bh3 Qg7 34. Be6+ Kh8 35. Nf7+ Kg8 36. Nh6+ Kh8 37. Nf7+ Kg8 38. Nd6+ Kh8 39. Qxg7+ 1/2-1/2

[Event "Aragon-chT Preferente Gr-II"]
[Site "Aragon"]
[Date "2019.02.09"]
[Round "3.65"]
[White "Chueca Lorente, Javier"]
[Black "Fuster Garcia, Luis Miguel"]
[Result "1-0"]
[WhiteElo "2122"]
[BlackElo "2167"]
[PlyCount "71"]
[EventDate "2019.01.26"]
[EventType "team-tourn"]
[EventRounds "9"]
[EventCountry "ESP"]
[SourceTitle "EXT 2020"]
[Source "ChessBase"]
[SourceDate "2019.10.17"]
[SourceVersion "1"]
[SourceVersionDate "2019.10.17"]
[SourceQuality "1"]
[WhiteTeam "St Casablanca II"]
[BlackTeam "Marcos Frechin II"]
[WhiteTeamCountry "ESP"]
[BlackTeamCountry "ESP"]

1. c4 e5 2. Nc3 Nc6 3. g3 f5 4. Bg2 Nf6 5. d3 Bb4 6. Bd2 0-0 7. e3 d6 8. Nge2 Bc5 9. Na4 a5 10. Nxc5 dxc5 11. Bc3 Qe8 12. 0-0 Bd7 13. Qd2 b6 14. f4 exf4 15. Nxf4 Rd8 16. Bxf6 gxf6 17. Nd5 Qe5 18. Rad1 Nb4 19. d4 Qd6 20. Nc3 c6 21. a3 Na6 22. Qe2 Nc7 23. Bh3 Ne6 24. Bxf5 Ng5 25. dxc5 Qe7 26. Rxd7 Rxd7 27. Bxd7 Qxd7 28. cxb6 Qe7 29. h4 Nf7 30. Qg4+ Kh8 31. Qf4 Ne5 32. h5 Qe6 33. h6 Kg8 34. Ne4 Qh3 35. Nxf6+ Rxf6 36. Qg5+ 1-0

[Event "Zaragoza Tejero Laman op 9th"]
[Site "Zaragoza"]
[Date "2017.09.17"]
[Round "8"]
[White "Chueca Lorente, Javier"]
[Black "Cifuentes Parada, Roberto"]
[Result "0-1"]
[WhiteElo "2177"]
[BlackElo "2465"]
[PlyCount "56"]
[EventDate "2017.09.17"]
[EventType "swiss (rapid)"]
[EventRounds "9"]
[EventCountry "ESP"]
[SourceTitle "CBM 180 Extra"]
[Source "ChessBase"]
[SourceDate "2017.10.06"]
[SourceVersion "1"]
[SourceVersionDate "2017.10.06"]
[SourceQuality "1"]

1. c4 c6 2. e4 d5 3. exd5 Nf6 4. dxc6 Nxc6 5. Nc3 e5 6. Nf3 e4 7. Ng5 Bf5 8. f3 exf3 9. Nxf3 Bc5 10. Qe2+ Qe7 11. a3 a5 12. Nb5 0-0 13. d4 Rfe8 14. Qxe7 Rxe7+ 15. Kd1 Nxd4 16. Nbxd4 Rd8 17. Bd2 Bxd4 18. Bxa5 Bb6+ 19. Bd2 Ne4 20. b4 Nf2+ 21. Kc1 Nxh1 22. c5 Bc7 23. Bc4 Nf2 24. Bg5 Be5 25. Nxe5 Rd1+ 26. Kb2 Rxe5 27. Bh4 Nd3+ 28. Bxd3 Rxd3 0-1

[Event "Zaragoza Tejero Laman op 9th"]
[Site "Zaragoza"]
[Date "2017.09.17"]
[Round "2"]
[White "Garza Marco, Sergio"]
[Black "Chueca Lorente, Javier"]
[Result "1-0"]
[WhiteElo "2409"]
[BlackElo "2177"]
[PlyCount "65"]
[EventDate "2017.09.17"]
[EventType "swiss (rapid)"]
[EventRounds "9"]
[EventCountry "ESP"]
[SourceTitle "CBM 180 Extra"]
[Source "ChessBase"]
[SourceDate "2017.10.06"]
[SourceVersion "1"]
[SourceVersionDate "2017.10.06"]
[SourceQuality "1"]

1. d4 d5 2. c4 e6 3. Nf3 c6 4. Bg5 Be7 5. Bxe7 Qxe7 6. Nbd2 Nf6 7. e3 Nbd7 8. Qc2 0-0 9. cxd5 exd5 10. Bd3 Re8 11. 0-0 Ne4 12. Rab1 f5 13. b4 a6 14. a4 Ndf6 15. Ne5 Nd6 16. Nb3 Nfe4 17. f3 Ng5 18. Nc5 Be6 19. f4 Nge4 20. Ra1 Kh8 21. Qe2 Rg8 22. Bxe4 fxe4 23. g4 Raf8 24. Qg2 Bc8 25. Rac1 g6 26. Qg3 Nf7 27. h3 b6 28. Nxc6 Qd6 29. Nb3 Bd7 30. b5 axb5 31. axb5 Ng5 32. Nd2 Qb4 33. Nxb4 1-0

[Event "Zaragoza Tejero Laman op 9th"]
[Site "Zaragoza"]
[Date "2017.09.17"]
[Round "6"]
[White "Ramiro Ovejero, Juan Luis"]
[Black "Chueca Lorente, Javier"]
[Result "1-0"]
[WhiteElo "2391"]
[BlackElo "2177"]
[PlyCount "105"]
[EventDate "2017.09.17"]
[EventType "swiss (rapid)"]
[EventRounds "9"]
[EventCountry "ESP"]
[SourceTitle "CBM 180 Extra"]
[Source "ChessBase"]
[SourceDate "2017.10.06"]
[SourceVersion "1"]
[SourceVersionDate "2017.10.06"]
[SourceQuality "1"]

1. e4 c5 2. Nf3 g6 3. c3 d5 4. e5 Nc6 5. Bb5 Qb6 6. Bxc6+ Qxc6 7. d4 Bg4 8. Nbd2 cxd4 9. cxd4 Bg7 10. 0-0 e6 11. h3 Bxf3 12. Nxf3 Ne7 13. Bg5 Nf5 14. Rc1 Qd7 15. Qc2 0-0 16. g4 Rac8 17. Qd2 Ne7 18. Bf6 Nc6 19. h4 Nb8 20. h5 Rxc1 21. Rxc1 Rc8 22. Bxg7 Kxg7 23. h6+ Kg8 24. g5 Rxc1+ 25. Qxc1 Qc6 26. Qd2 Nd7 27. Nh2 b5 28. Ng4 b4 29. Qxb4 Qc1+ 30. Kh2 Qxg5 31. Nf6+ Kh8 32. Nxd7 Qxh6+ 33. Kg3 Qg5+ 34. Kf3 Qf5+ 35. Ke3 Qe4+ 36. Kd2 Qf4+ 37. Kd1 Qf3+ 38. Kc1 Qf4+ 39. Kc2 Qe4+ 40. Kc1 Qf4+ 41. Qd2 Qh4 42. b4 Qh3 43. Kb2 Qf3 44. b5 Kg7 45. a4 h5 46. a5 Qh1 47. Qb4 Kh6 48. b6 axb6 49. axb6 Qf1 50. b7 Qe2+ 51. Kc1 Qf1+ 52. Kc2 Qxf2+ 53. Qd2+ 1-0

[Event "ESP-chT CECLUB Div1"]
[Site "Linares"]
[Date "2017.08.19"]
[Round "6.4"]
[White "Chueca Lorente, Javier"]
[Black "Pozueta Alegria, Adrian"]
[Result "1/2-1/2"]
[WhiteElo "2103"]
[BlackElo "2186"]
[PlyCount "212"]
[EventDate "2017.08.14"]
[EventType "team"]
[EventRounds "7"]
[EventCountry "ESP"]
[SourceTitle "CBM 180 Extra"]
[Source "ChessBase"]
[SourceDate "2017.10.06"]
[SourceVersion "1"]
[SourceVersionDate "2017.10.06"]
[SourceQuality "1"]
[WhiteTeam "Casablanca Stadium"]
[BlackTeam "Solvay II"]
[WhiteTeamCountry "ESP"]
[BlackTeamCountry "ESP"]

1. e4 e6 2. d4 d5 3. Nd2 c5 4. exd5 exd5 5. dxc5 Bxc5 6. Ngf3 Nf6 7. Bb5+ Nc6 8. Qe2+ Be6 9. Nb3 Bb6 10. Nbd4 Qc8 11. Nxe6 Qxe6 12. 0-0 Qxe2 13. Bxe2 0-0 14. Bf4 Ne4 15. Rad1 Rfd8 16. c3 h6 17. Nd4 Nxd4 18. cxd4 Rac8 19. Bc1 Rc6 20. Bb5 Rcc8 21. Rfe1 a6 22. Bf1 Kf8 23. Be3 Ba5 24. Re2 Rc6 25. g3 g5 26. Bh3 Kg7 27. f3 Nd6 28. f4 Ne4 29. Bf5 Nd6 30. Bh3 Kg6 31. fxg5 hxg5 32. Bg2 Nf5 33. Bf2 Re6 34. Re5 Ne7 35. g4 Kf6 36. Bg3 Rxe5 37. Bxe5+ Ke6 38. Rf1 Ng8 39. Bg3 f6 40. h4 Bb6 41. Re1+ Kf7 42. hxg5 Bxd4+ 43. Kh2 fxg5 44. Rd1 Bxb2 45. Rxd5 Re8 46. Rxg5 Nf6 47. Rf5 Kg6 48. Rf4 Be5 49. Rc4 Kg5 50. Bxe5 Rxe5 51. Bxb7 Nxg4+ 52. Kg3 Re3+ 53. Kg2 Ra3 54. Rc5+ Kh4 55. Bxa6 Rxa2+ 56. Kf3 Rxa6 57. Rc7 Nf6 58. Rc4+ Kg5 59. Rc5+ Kg6 60. Kf4 Ra4+ 61. Kf3 Nd7 62. Rd5 Nf8 63. Rb5 Kf6 64. Rb6+ Ne6 65. Ke3 Ke5 66. Rb5+ Kd6 67. Rh5 Nc7 68. Rh6+ Kc5 69. Rh5+ Nd5+ 70. Kd3 Ra3+ 71. Kd2 Rg3 72. Rh8 Kd4 73. Rh4+ Ke5 74. Rh5+ Ke4 75. Rh4+ Ke5 76. Rh5+ Kd4 77. Rh4+ Kc5 78. Rh8 Rf3 79. Ra8 Nb6 80. Ra5+ Kd4 81. Rh5 Rf2+ 82. Ke1 Rb2 83. Rh4+ Kc5 84. Rh5+ Nd5 85. Rh8 Kd4 86. Re8 Nc3 87. Rd8+ Ke3 88. Re8+ Ne4 89. Kd1 Kd4 90. Rd8+ Kc4 91. Rc8+ Nc5 92. Rc6 Kd4 93. Rc8 Ne6 94. Rc2 Rb1+ 95. Ke2 Ke4 96. Kf2 Rb7 97. Rc4+ Nd4 98. Rc8 Rb2+ 99. Ke1 Ra2 100. Re8+ Kd3 101. Rd8 Re2+ 102. Kd1 Rd2+ 103. Ke1 Ra2 104. Rd7 Ke4 105. Re7+ Kf4 106. Rf7+ Nf5 1/2-1/2

[Event "Sestao op 31st"]
[Site "Sestao"]
[Date "2015.12.06"]
[Round "4"]
[White "Rodriguez Garcia, Carlos"]
[Black "Chueca Lorente, Javier"]
[Result "1-0"]
[WhiteElo "2168"]
[BlackElo "2028"]
[PlyCount "85"]
[EventDate "2015.12.04"]
[EventType "swiss"]
[EventRounds "9"]
[EventCountry "ESP"]
[SourceTitle "EXT 2017"]
[Source "ChessBase"]
[SourceDate "2016.10.25"]
[SourceVersion "1"]
[SourceVersionDate "2016.10.25"]
[SourceQuality "1"]

1. e4 c5 2. Nf3 g6 3. d4 cxd4 4. Nxd4 Bg7 5. Nc3 Nf6 6. Be3 Nc6 7. h3 0-0 8. Bc4 Qa5 9. 0-0 d6 10. a3 Bd7 11. Bd3 Rac8 12. Ncb5 a6 13. Nxc6 bxc6 14. Nc3 c5 15. Rb1 Rb8 16. Qe2 Bc6 17. Bd2 Qb6 18. e5 dxe5 19. Bxa6 Nh5 20. Bc4 Qb7 21. g3 Bf3 22. Qe3 Bg2 23. Rfe1 Bh1 24. Ne4 Bxe4 25. Qxe4 Qd7 26. Be3 Qxh3 27. Bxc5 Nf6 28. Qg2 Qxg2+ 29. Kxg2 Rbc8 30. b4 Nd7 31. Ba6 Ra8 32. Bb7 Rxa3 33. Bxe7 Re8 34. Bd6 Rc3 35. Be4 Nf6 36. b5 Nxe4 37. Rxe4 Rxc2 38. b6 f5 39. Ra4 Rc6 40. b7 Rxd6 41. Ra8 Rdd8 42. Rxd8 Rxd8 43. Rc1 1-0

[Event "Zaragoza Province-ch Preferente"]
[Site "Zaragoza"]
[Date "2015.10.18"]
[Round "3"]
[White "Goni Navarro, Pablo"]
[Black "Chueca Lorente, Javier"]
[Result "1/2-1/2"]
[WhiteElo "2008"]
[BlackElo "2029"]
[PlyCount "37"]
[EventDate "2015.09.27"]
[EventType "swiss"]
[EventRounds "6"]
[EventCountry "ESP"]
[SourceTitle "CBM 170 Extra"]
[Source "ChessBase"]
[SourceDate "2016.02.25"]
[SourceVersion "1"]
[SourceVersionDate "2016.02.25"]
[SourceQuality "1"]

1. g3 g6 2. Bg2 Bg7 3. Nf3 Nf6 4. 0-0 0-0 5. d4 d5 6. Bg5 Bg4 7. h3 Bxf3 8. Bxf3 h6 9. Bxf6 Bxf6 10. e3 c6 11. Nd2 Nd7 12. Bg2 Bg7 13. Nf3 Qc7 14. Qd2 Rfe8 15. Rac1 Rad8 16. Rfd1 e5 17. dxe5 Nxe5 18. Nxe5 Qxe5 19. c3 1/2-1/2

[Event "ESP-ch U16"]
[Site "Salobrena"]
[Date "2015.07.22"]
[Round "5"]
[White "Gonzalez Capacete, Jose Miguel"]
[Black "Chueca Lorente, Javier"]
[Result "1/2-1/2"]
[WhiteElo "1977"]
[BlackElo "2123"]
[PlyCount "196"]
[EventDate "2015.07.20"]
[EventType "swiss"]
[EventRounds "9"]
[EventCountry "ESP"]
[SourceTitle "EXT 2016"]
[Source "ChessBase"]
[SourceDate "2015.10.08"]
[SourceVersion "1"]
[SourceVersionDate "2015.10.08"]
[SourceQuality "1"]

1. e4 c5 2. Nf3 g6 3. Bc4 Bg7 4. c3 e6 5. d4 cxd4 6. Nxd4 a6 7. 0-0 Ne7 8. Bg5 b5 9. Bb3 Bb7 10. Nd2 d6 11. f4 Nbc6 12. Nxc6 Bxc6 13. f5 gxf5 14. Qh5 d5 15. exf5 Qb6+ 16. Kh1 Nxf5 17. Rxf5 exf5 18. Re1+ Kf8 19. Re7 Be8 20. Bxd5 Ra7 21. Qe2 Qb8 22. Qe3 Rxe7 23. Bxe7+ Kg8 24. Nf3 h5 25. Qg5 Rh6 26. Qxf5 Qa7 27. Bg5 Rd6 28. Bb3 Qf2 29. h3 Qf1+ 30. Kh2 Qd3 31. Qc5 Bc6 32. Be7 Rg6 33. Ng5 Qf1 34. Bxf7+ Kh8 35. Kg3 Qxg2+ 36. Kh4 Rxg5 37. Qxg5 Qf2+ 38. Kxh5 Bf3+ 39. Kg6 Be4+ 40. Kh5 Qxf7+ 41. Kg4 Qf3+ 42. Kh4 Qf2+ 43. Kg4 Qg2+ 44. Kh4 Qxg5+ 45. Kxg5 Bd5 46. a4 Kh7 47. axb5 axb5 48. Kf5 Kh6 49. Bf6 Bf8 50. Ke5 Bf3 51. Kd4 Kg6 52. Bd8 Be2 53. Bc7 Kf5 54. Kd5 Bc4+ 55. Kc6 Be2 56. b3 Bg7 57. c4 b4 58. Kb5 Bf8 59. Ba5 Ke5 60. Bxb4 Bh6 61. Bc3+ Kd6 62. Bd4 Bg5 63. Bf2 Kc7 64. Bg3+ Kb7 65. Kc5 Be7+ 66. Kd4 Bd1 67. Kc3 Bf6+ 68. Kb4 Be7+ 69. Kc3 Bf6+ 70. Kb4 Be7+ 71. Ka4 Kc6 72. Bf2 Bc2 73. Be1 Bd1 74. Bb4 Bh4 75. Bf8 Bc2 76. Ka3 Bf5 77. b4 Bxh3 78. b5+ Kb6 79. Ka4 Bf2 80. Kb4 Be1+ 81. Ka4 Bf2 82. Bd6 Bf1 83. Kb4 Be1+ 84. Kb3 Bf2 85. Be7 Bc5 86. Bf6 Be2 87. Kc3 Bf1 88. Bd8+ Kb7 89. Ba5 Bf2 90. Bd8 Bc5 91. Kb3 Be2 92. Bf6 Kb6 93. Kc3 Bf1 94. Be5 Be2 95. Bd4 Bf1 96. Bxc5+ Kxc5 97. Kd2 Bxc4 98. b6 Kd5 1/2-1/2

[Event "St Casablanca la Constitucion 2nd"]
[Site "St Casablanca"]
[Date "2013.12.06"]
[Round "2.1"]
[White "Chueca Lorente, Javier"]
[Black "Mombiela de Sus, Jose Luis"]
[Result "0-1"]
[WhiteElo "1855"]
[BlackElo "2038"]
[PlyCount "96"]
[EventDate "2013.12.06"]
[EventType "swiss"]
[EventRounds "7"]
[EventCountry "ESP"]
[SourceTitle "EXT 2024"]
[Source "ChessBase"]
[SourceDate "2023.10.10"]
[SourceVersion "1"]
[SourceVersionDate "2023.10.10"]
[SourceQuality "1"]

1. c4 b6 2. g3 Bb7 3. Nf3 Bxf3 4. exf3 c5 5. f4 Nc6 6. Bg2 g6 7. Nc3 Bg7 8. 0-0 Nh6 9. b3 Nf5 10. Re1 0-0 11. Bb2 a6 12. Qc1 Rb8 13. Nd5 Nfd4 14. d3 e6 15. Ne3 Re8 16. Nc2 Nxc2 17. Qxc2 Nb4 18. Qd2 Bxb2 19. Qxb2 Nxd3 20. Qc3 Nxe1 21. Rxe1 Qe7 22. Re5 Qf6 23. Qd2 Qe7 24. Qc1 d6 25. Re1 Qf6 26. Qd2 Qd4 27. Qe2 Red8 28. Rd1 Qc3 29. Rd3 Qa1+ 30. Rd1 Qf6 31. Rd3 b5 32. Rd1 Qc3 33. cxb5 axb5 34. h4 d5 35. h5 Qg7 36. hxg6 hxg6 37. Re1 b4 38. Bh3 Qf6 39. Qc2 Rbc8 40. Qd2 c4 41. Qxb4 c3 42. Qb6 c2 43. Qe3 d4 44. Qd2 d3 45. f5 exf5 46. Rc1 Qb2 47. Bxf5 Qxc1+ 48. Qxc1 d2 0-1